| 000 | 00895cad a22002175a 4500 | ||
|---|---|---|---|
| 001 | L155702 | ||
| 008 | 120403s2012 xxk f 000 0 eng d | ||
| 035 | _a(Sirsi) u155702 | ||
| 041 | 0 | _aeng | |
| 100 | 1 | _aBew, Mark | |
| 110 | 2 |
_aConstruction Products Association _bCabinet Office BIM Working Group |
|
| 245 | 0 | 0 |
_aBIM forum _b14 March 2012 _bbuilding information modelling strategic overview _h[electronic resource] |
| 260 |
_aLondon _bConstruction Products Association _c2012 |
||
| 520 | _aA detailed look at the various aspects of BIM. RICS is referred to in the presentation. | ||
| 590 | _aKA NTK | ||
| 651 | 4 | _aInternational | |
| 690 |
_aBIM _96219 |
||
| 710 | 1 |
_aConstructing Excellence in the Built Environment _94925 |
|
| 856 | 4 | 0 |
_uhttps://www.constructingexcellence.org.uk/pdf/CECPA%20Final.pdf _zView the presentation free of charge at www.constructingexcellence.org |
| 942 | _n0 | ||
| 999 |
_c113768 _d113768 |
||